00333nam a2200133Ia 4500008004100000041000800041082001200049100001800061245004300079250001400122260002700136300002900163365000700192240624s9999 xx 000 0 und d aeng a004 TUR aTURBAN EFRAIM aINTRODUCTION TO INFORMATION TECHNOLOGY a(2nd ed.) c2009aNew DelhibWIley ax, : 526 : p. : cm. ; 26 cRS